00530nam a2200181 a 45000010010000000030011000100080041000210350026000620820016000881000017001042450028001212600043001496500019001929420012002119520090002239980020003139990015003330000-9339ELIB.Books110520 1993  a(ELIB.Books)0000-9491 a248.8 bSen aSenter, Ruth aWhen You're on Your Own bGrand Rapids: Campus Life Books c1993 aChristian Life 2ddccBK 00102ddc4070aKBTSbKBTSd2011-05-20l0p7656r2022-01-22 00:00:00w2022-01-22yBK cbate2011-05-20 c9339d9339